000 01565cam a22004334a 4500
001 muse85089
003 MdBmJHUP
005 20210127151627.0
006 m o d
007 cr||||||||nn|n
008 101220s2010 mx o 00 0 spa d
010 _z 2010538532
020 _a9786076286456
020 _z9786074621099
035 _a(OCoLC)1062361224
040 _aMdBmJHUP
_cMdBmJHUP
043 _an-mx---
050 0 4 _aPM4145
_b.E58 2010
245 0 0 _aEntre cuerdas y velo
_bestudios fonológicos de lenguas otomangues /
_cEsther Herrera Zendejas, editora.
250 _a1. ed.
264 1 _bColegio de Mexico,
264 3 _bProject MUSE,
300 _a1 online resource (121 p.) :
_bill. ;
490 0 _aEstudios de lingüística ;
_v9
500 _a"Cátedra Jaime Torres Bodet, Centro de Estudios Lingüísticos y Literarios, Laboratorio de Estudios Fónicos"--P. opp. t.p.
504 _aIncludes bibliographical references.
506 0 _aOpen Access
_fUnrestricted online access
_2star
588 _aDescription based on print version record.
650 0 _aOtomanguean languages
_xPhonology.
655 7 _aElectronic books.
_2local
700 1 _aHerrera, Esther.
710 2 _aProject Muse.
_edistributor
830 0 _aBook collections on Project MUSE.
856 4 0 _zFull text available:
_uhttps://muse.jhu.edu/book/74646/
999 _c26453
_d26453